Normal view
MARC view
Entry Personal Name
001 - CONTROL NUMBER
- control field: 25697
003 - CONTROL NUMBER IDENTIFIER
- control field: ARRUPE
005 - DATE AND TIME OF LATEST TRANSACTION
- control field: 20160913112519.0
008 - FIXED-LENGTH DATA ELEMENTS
- fixed length control field: 160913|| aca||aabn | a|a d
040 ## - CATALOGING SOURCE
- Original cataloging agency: ARRUPE
- Transcribing agency: ARRUPE
100 ## - HEADING--PERSONAL NAME
- Personal name: Randall, Peter,
- Dates associated with a name: 1935-,
- Relator term: editor.
670 ## - SOURCE DATA FOUND
- Source citation: Work cat.: (ARRUPE)0: Study Project on Christianity in Apartheid Society. Political Commission. 25692, South Africa's political alternatives;, 1973.